Kothari commission report an evaluation (Record no. 1937)

MARC details
000 -LEADER
fixed length control field 00594cam a2200217ua 4500
008 - FIXED-LENGTH DATA ELEMENTS--GENERAL INFORMATION
fixed length control field 110812n ii |||gr||||Z||||||eng
040 ## - CATALOGING SOURCE
Transcribing agency MAIN
082 ## - DEWEY DECIMAL CLASSIFICATION NUMBER
Classification number 379.54
100 ## - MAIN ENTRY--PERSONAL NAME
Personal name Khanna, S. D.,
Relator term
245 1# - TITLE STATEMENT
Title Kothari commission report an evaluation
Statement of responsibility, etc. by S. D. Khanna
250 ## - EDITION STATEMENT
Edition statement 1st.
260 ## - PUBLICATION, DISTRIBUTION, ETC.
Place of publication, distribution, etc. Delhi:
Name of publisher, distributor, etc. Doaba House.,
Date of publication, distribution, etc. 2002.
300 ## - PHYSICAL DESCRIPTION
Extent vi; 146p:
Dimensions 23cm.
700 ## - ADDED ENTRY--PERSONAL NAME
Personal name Saxena, V. K.,
Relator term
700 ## - ADDED ENTRY--PERSONAL NAME
Personal name Lamba, T. P.,
Relator term
700 ## - ADDED ENTRY--PERSONAL NAME
Personal name Murthy, V.,
Relator term
942 ## - ADDED ENTRY ELEMENTS (KOHA)
Koha item type Books
653 ## - INDEX TERM--UNCONTROLLED
Uncontrolled term Education
653 ## - INDEX TERM--UNCONTROLLED
Uncontrolled term Kothari commission report an evaluation
Holdings
Withdrawn status Lost status Damaged status Not for loan Home library Current library Shelving location Date acquired Total Checkouts Full call number Barcode Date last seen Copy number Price effective from Koha item type
        Central Library, Naharkatiya College Central Library, Naharkatiya College General Stacks 19/09/2020   379.54 | KHA 16654 19/09/2020 1 19/09/2020 Books

Naharkatiya College © 2020. All rights reserved.

Powered By